000 00321nam a22001337a 4500
008 181009b xxu||||| |||| 00| 0 eng d
020 _a9780030344824
041 _aeng
080 _210th
_a330.101
100 _a52
101 _aMIK
245 _aMicroeconomics private & public choice
_cGwartney,J.D
942 _2udc
_cBK
999 _c49121
_d49121